000
00314nam a2200157Ia 4500
100
_a
Chandra sekar/ V
650
_a
Communication systems
942
_c
BK
366
_f
25
245
_a
Communication Systems
260
_b
Oxford
_c
2012
082
_b
CHA
300
_a
923
546
_a
ENGLISH
999
_c
33616
_d
33616